000 01280namaa2200301 i 4500
003 EG-GICUC
005 20260309105521.0
008 260309s1995 le ||||gr|||| 001 0 ara d
040 _aEG-GiCUC
_bara
_cEG-GiCUC
_dEG-GiCUC
_erda
082 0 4 _221
_a240
_bT2478a
092 0 4 _221
_a240
_bT2478a
099 _a240 T2478a
100 1 _aعك، خالد عبد الرحمن.
_eمؤلف.
245 1 2 _aالأصول الفكرية للمناهج السلفية عند شيخ الإسلام تقي الدين احمد بن عبد الحليم بن تيمية الحراني الدمشقي ... /
_cتأليف خالد عبد الرحمن العك.
250 _aالطبعة الأولى.
264 _aبيروت :
_bالمكتب الإسلامي،
_c1995.
300 _a372 ؛ صفحة
_c24 سم
336 _2rdacontent
_atext
337 _2rdamedia
_aUnmediated
338 _2rdacarrier
_avolume
504 _aيشتمل على ارجاعات ببليوجرافية وكشافات.
541 _aد. جابر عصفور ؛
_bالقاهرة ؛
_cإهداء ؛
_d2024.
600 1 0 _aابن تيمية، أحمد بن عبد الحليم،
_d1263-1328
_94290
650 1 _aالإسلام
_xالعقائد.
_2qrmak
651 1 _2qrmak
905 _aAsmaa
942 _2ddc
_cBK
_e21
_n0
999 _c178953
_d178953